Screening methods in pharmacology

The book provides an up-to-date and concise account of in vivo methods used in pharmacological screening of important categories of clinically useful drugs. Encompasses the basic principles of animal experimentation and current advances leading to the use of transgenic animals, combinatorial chemist...

Descripción completa

Guardado en:
Detalles Bibliográficos
Autor principal: Parmar, N. S.
Formato: Libro
Lenguaje:Undetermined
Publicado: Oxford, OK Alpha Science International Ltd 2006
Materias:
Etiquetas: Agregar Etiqueta
Sin Etiquetas, Sea el primero en etiquetar este registro!
Thư viện lưu trữ: Trung tâm Học liệu Trường Đại học Cần Thơ
LEADER 01132nam a2200217Ia 4500
001 CTU_132856
008 210402s9999 xx 000 0 und d
020 |c 1648000 
082 |a 615.7 
082 |b P253 
100 |a Parmar, N. S. 
245 0 |a Screening methods in pharmacology 
245 0 |c N S Parmar, Shiv Prakash 
260 |a Oxford, OK 
260 |b Alpha Science International Ltd 
260 |c 2006 
520 |a The book provides an up-to-date and concise account of in vivo methods used in pharmacological screening of important categories of clinically useful drugs. Encompasses the basic principles of animal experimentation and current advances leading to the use of transgenic animals, combinatorial chemistry, high throughout screening pharmacogenomics, proteomics and array technology. 
650 |a Drug development,Drugs,Drugs,Chế tạo thuốc,Thuốc,Thuốc 
650 |x Methodology,Testing.,Research,Methodology.,phương pháp luận,nghiên cứu,phương pháp luận,thử nghiệm 
904 |i Huỳnh Mai 
980 |a Trung tâm Học liệu Trường Đại học Cần Thơ